000 00531nam a2200169 i 4500
001 84686
003 ES-MaACL
005 20230906175053.0
007 t|
008 041123s1902 xxk ||||1| eng d
100 1 _aJenkins, Henry.
_966298
245 1 0 _aBritish rule and jurisdiction beyond the seas /
_cby Henry Jenkins ; with a preface by Courtenay Ilbert.
260 _aOxford :
_bClarendon Press,
_c1902.
300 _aXXIII, 300 p. :
_b1 retr. ;
_c23 cm.
700 1 _aIlbert, Courtenay.
_965168
852 _aES-MaACL
_jA-1768
999 _c84686
_d84686